| 000 | 00728nam a22001817a 4500 | ||
|---|---|---|---|
| 005 | 20210325185710.0 | ||
| 008 | s2523 th tha d | ||
| 041 | _atha | ||
| 090 | _aอศ จ765ร 2523 | ||
| 245 | 1 | 0 | _aร้อยเก้า ร้อยก้าว (อนุสรณ์งานพระราชทานเพลิงศพนางเจิม รัตนากร) |
| 260 | 3 |
_aกรุงเทพฯ : _bประเสริฐการพิมพ์, _c2523 |
|
| 300 |
_a164 หน้า ; _b 19 ซม. |
||
| 650 | 0 | 4 | _aจิตวิทยา -- รวมเรื่อง |
| 850 | _aNALT | ||
| 942 | _cCRE | ||
| 997 | _c000000000023635 | ||
| 998 | _aBENJALUCK SUTTHIWILAI | ||
| 999 |
_c23635 _d23635 |
||